000 00434 a2200145 4500
005 20250618152740.0
020 _a978-0-07-340399-1
082 _a174.4 MIN
100 _aMINTZ, S. M.
245 _aEthical Obligations and Decision Making in Accounting: Text and Cases.
260 _aNew York,
_bMcgraw- Hill Irwin,
_c2008.
300 _axiii, 287p.: ill.; figure, table.
_bIndex
_c25cm.
700 _aMORRIS, R.E.
942 _2ddc
_cBKS
999 _c198
_d198